Cartas do Clash Royale - Statistics

Estatísticas Gerais
  • Esse quiz foi jogado 30 vezes
  • A pontuação média é 80 de 121
Estatísticas das Respostas
Raridade Arena Elixir Carta % Correto
Lendária Eletrovale 2 O Tronco
100%
Épica Parquinho da P.E.K.K.A 7 P.E.K.K.A
95%
Comum Fosso dos Ossos 1 Esqueletos
91%
Comum Estádio Goblin 2 Goblins
91%
Rara Campo de Treino 4 Mini P.E.K.K.A
91%
Épica Parquinho da P.E.K.K.A 5 Bruxa
86%
Comum Campo de Treino 3 Cavaleiro
86%
Comum Vale dos Feitiços 1 Espírito de Fogo
86%
Comum Pico Congelado 1 Espírito de Gelo
86%
Épica Parquinho da P.E.K.K.A 3 Exército de Esqueletos
86%
Rara Vale dos Feitiços 5 Mago
86%
Lendária Cidade Assombrada 3 Mago de Gelo
86%
Lendária Eletrovale 4 Mago Elétrico
86%
Lendária Eletrovale 7 Megacavaleiro
86%
Comum Oficina do Construtor 2 Zap
86%
Rara Oficina do Construtor 4 Corredor
82%
Rara Campo de Treino 5 Gigante
82%
Lendária Eletrovale 3 Mineiro
82%
Comum Montanha do Porco 4 Tesla
82%
Comum Campo de Treino 3 Arqueiras
77%
Lendária Mina do Mineiro 4 Bruxa Mãe
77%
Lendária Pico Sereno 4 Bruxa Sombria
77%
Rara Estádio Goblin 4 Cabana de Goblins
77%
Comum Torneio Bárbaro 3 Canhão
77%
Épica Mina do Mineiro ? Espelho
77%
Comum Campo de Treino 3 Flechas
77%
Comum Arena da Selva 3 Gangue de Goblins
77%
Comum Arena Real 6 Gigante Real
77%
Comum Estádio Goblin 2 Goblins Lanceiros
77%
Épica Montanha do Porco 8 Golem
77%
Comum Montanha do Porco 5 Horda de Servos
77%
Rara Campo de Treino 4 Mosqueteira
77%
Lendária Eletrovale 3 Princesa
77%
Épica Arena Real 5 Príncipe
77%
Épica Arena Real 4 Príncipe das Trevas
77%
Épica Pico Congelado 6 Relâmpago
77%
Comum Campo de Treino 3 Servos
77%
Rara Vale dos Feitiços 5 Torre Inferno
77%
Rara Arena Real 9 Três Mosqueteiras
77%
Lendária Covil dos Patifes 3 Bandida
73%
Comum Torneio Bárbaro 5 Bárbaros
73%
Épica Parquinho da P.E.K.K.A 4 Bebê Dragão
73%
Rara Campo de Treino 4 Bola de Fogo
73%
Rara Arena da Selva 6 Cabana de Bárbaros
73%
Épica Mina do Mineiro 3 Clone
73%
Lendária Eletrovale 4 Dragão Infernal
73%
Comum Vale dos Feitiços 1 Espírito Elétrico
73%
Épica Pico Congelado 6 Esqueleto Gigante
73%
Épica Pico Congelado 4 Gelo
73%
Épica Arena da Selva 6 Goblin Gigante
73%
Rara Pico Congelado 2 Golem de Gelo
73%
Campeão Cripta Real 5 Rainha Arqueira
73%
Rara Fosso dos Ossos 4 Valquíria
73%
Épica Arena Real 5 Balão
68%
Comum Montanha do Porco 6 Bárbaros de Elite
68%
Épica Arena da Selva 2 Barril de Bárbaro
68%
Épica Parquinho da P.E.K.K.A 3 Barril de Goblins
68%
Campeão A cozinha do Executor 4 Cavaleiro Dourado
68%
Épica Cidade Assombrada 5 Dragão Elétrico
68%
Lendária Cidade Assombrada 3 Fantasma Real
68%
Rara Oficina do Construtor 6 Foguete
68%
Rara Montanha do Porco 4 Fornalha
68%
Rara Arena da Selva 3 Goblin com Dardo
68%
Rara Fosso dos Ossos 3 Lápide
68%
Lendária Covil dos Patifes 7 Lava Hound
68%
Comum Covil dos Patifes 5 Patifes
68%
Campeão Cripta Real 6 Bandida-Líder
64%
Comum Pico Congelado 2 Bola de Neve
64%
Comum Fosso dos Ossos 2 Bombardeiro
64%
Épica Pico Sereno 5 Executor
64%
Épica Pico Sereno 2 Fúria
64%
Épica Covil dos Patifes 7 Gigante Elétrico
64%
Épica Parquinho da P.E.K.K.A 3 Guardas
64%
Lendária Pico Sereno 4 Lenhador
64%
Campeão Cripta Real 4 Mineiro Bombado
64%
Campeão Santuário Silencioso 3 Pequeno Príncipe
64%
Rara Arena Real 5 Porcos Reais
64%
Lendária Eletrovale 6 Sparky
64%
Épica Mina do Mineiro 3 Tornado
64%
Épica Arena da Selva 4 Veneno
64%
Lendária Covil dos Patifes 4 Arqueiro Mágico
59%
Lendária Cidade Assombrada 5 Cemitério
59%
Rara Covil dos Patifes 1 Espírito Curador
59%
Rara Pico Sereno 3 Golem de Elixir
59%
Rara Torneio Bárbaro 3 Megasservo
59%
Campeão Santuário Silencioso 5 Monge
59%
Comum Oficina do Construtor 2 Morcegos
59%
Comum Oficina do Construtor 4 Morteiro
59%
Comum Arena Real 7 Recrutas Reais
59%
Campeão A cozinha do Executor 4 Rei Esqueleto
59%
Rara Vale dos Feitiços 4 Torre de Bombas
59%
Comum Arena da Selva 3 Barril de Esqueletos
55%
Rara Mina do Mineiro 6 Coletor de Elixir
55%
Lendária Eletrovale 5 Domadora de Carneiro
55%
Campeão Santuário Silencioso 5 Goblinstein
55%
Épica Montanha do Porco 6 X-Besta
55%
Comum Pico Sereno 3 Encomenda Real
50%
Rara Estádio Goblin 4 Jaula de Goblin
50%
Rara Oficina do Construtor 4 Máquina Voadora
50%
Épica Pico Congelado 3 Vinhas
50%
Comum Arena da Selva 2 Berserker
45%
Épica Montanha do Porco 4 Caçador
45%
Épica Cidade Assombrada 2 Destruidores de Muros
45%
Épica Arena da Selva 4 Gigante das Runas
45%
Lendária Mina do Mineiro 6 Imperatriz Espiritual
45%
Épica Covil dos Patifes 5 Lançador
45%
Épica Pico Sereno 2 Maldição Goblin
45%
Lendária Mina do Mineiro 3 Pescador
45%
Rara Cidade Assombrada 3 Terremoto
45%
Rara Torneio Bárbaro 4 Aríete de Batalha
41%
Comum Vale dos Feitiços 4 Dragões Esqueletos
41%
Rara Montanha do Porco 4 Eletrocutadores
41%
Épica Pico Sereno 4 Escavadeira de Goblins
41%
Lendária Mina do Mineiro 5 Máquina Goblin
41%
Rara Covil dos Patifes 2 Arbusto Traiçoeiro
36%
Épica Mina do Mineiro 5 Carrinho de Canhão
36%
Rara Pico Congelado 4 Curadora Guerreira
36%
Rara Cidade Assombrada 4 Goblin Demolidor
36%
Comum Cidade Assombrada 3 Pirotécnica
36%
Épica Mina do Mineiro 3 Vácuo
36%
Lendária Cidade Assombrada 4 Fênix
32%
Nenhum quiz correspondente encontrado
Distribuição das Pontuações
Porcentagem de Pessoas com Cada Pontuação
Percentil de Números Respondidos
Sua Pontuação Histórica
Você não jogou esse quiz